Manorama year book 2001 (Record no. 13998)
[ view plain ]
| 000 -LEADER | |
|---|---|
| fixed length control field | 00472nam a2200169Ia 4500 |
| 003 - CONTROL NUMBER IDENTIFIER | |
| control field | IN-BaIIA |
| 008 - FIXED-LENGTH DATA ELEMENTS--GENERAL INFORMATION | |
| fixed length control field | 211028s9999 xx 000 0 eng d |
| 020 ## - INTERNATIONAL STANDARD BOOK NUMBER | |
| International Standard Book Number | 81-900461-3-6 |
| 040 ## - CATALOGING SOURCE | |
| Transcribing agency | IIA Library |
| 080 ## - UNIVERSAL DECIMAL CLASSIFICATION NUMBER | |
| Universal Decimal Classification number | 058(540) |
| Item number | MAT-01 |
| 100 ## - MAIN ENTRY--PERSONAL NAME | |
| Personal name | Mathew, K. M. |
| 9 (RLIN) | 11209 |
| 245 #0 - TITLE STATEMENT | |
| Title | Manorama year book 2001 |
| Statement of responsibility, etc. | K. M. Mathew |
| 260 ## - PUBLICATION, DISTRIBUTION, ETC. | |
| Place of publication, distribution, etc. | Kollayam |
| Name of publisher, distributor, etc. | Malayala Manorama |
| Date of publication, distribution, etc. | 2001 |
| 300 ## - PHYSICAL DESCRIPTION | |
| Extent | 824 p. |
| 650 ## - SUBJECT ADDED ENTRY--TOPICAL TERM | |
| Topical term or geographic name entry element | yearbook |
| 9 (RLIN) | 3818 |
| 942 ## - ADDED ENTRY ELEMENTS (KOHA) | |
| Koha item type | Books |
| Withdrawn status | Lost status | Damaged status | Not for loan | Home library | Current library | Shelving location | Date acquired | Total Checkouts | Full call number | Barcode | Date last seen | Price effective from | Koha item type |
|---|---|---|---|---|---|---|---|---|---|---|---|---|---|
| IIA Library-Bangalore | IIA Library-Bangalore | General Stacks | 058(540)/MAT-01 | 14918 | 05/11/2021 | Books |